NBA Players Who: Were <150 Pounds - Statistics

General Stats
  • This quiz has been taken 29 times
  • The average score is 3 of 15
Answer Stats
Weight Years Played Player % Correct
136 1988-2001 Muggsy Bogues
85%
133 1986-1998 Spud Webb
73%
150 1971-1984 Tiny Archibald
58%
135 1999-2012 Earl Boykins
38%
140 1990-1996 Greg Grant
19%
150 1992-2002 Elliot Perry
8%
150 1948 Wat Misaka
8%
145 1947-1949 Angelo Musi
4%
137 1947 Chet Aubuchon
4%
145 1947-1949 Ernie Calverley
4%
150 1948 Herm Klotz
4%
150 1949 Lionel Malamed
4%
150 1976-1977 Monte Towe
4%
114 1969 Penny Early
4%
150 1969 Russell Critchfield
4%
No matching quizzes found
Score Distribution
Percent of People with Each Score
Percentile by Number Answered
Your Score History
You have not taken this quiz